World Wonders / (Record no. 5087)

MARC details
000 -LEADER
fixed length control field 01319nam a22002777a 4500
001 - CONTROL NUMBER
control field 5087
003 - CONTROL NUMBER IDENTIFIER
control field FISKH
005 - DATE AND TIME OF LATEST TRANSACTION
control field 20241105142110.0
008 - FIXED-LENGTH DATA ELEMENTS--GENERAL INFORMATION
fixed length control field 241105b cb ||||| |||| 00| 0 eng d
020 ## - INTERNATIONAL STANDARD BOOK NUMBER
International Standard Book Number 9780194237765
040 ## - CATALOGING SOURCE
Original cataloging agency FISKH
Language of cataloging eng
Transcribing agency FISKH
Modifying agency FISKH
050 ## - LIBRARY OF CONGRESS CALL NUMBER
Classification number PE1126.A4
082 ## - DEWEY DECIMAL CLASSIFICATION NUMBER
Classification number 428.6
100 ## - MAIN ENTRY--PERSONAL NAME
Personal name Newbolt, Barnaby
245 ## - TITLE STATEMENT
Title World Wonders /
Statement of responsibility, etc. by Barnaby Newbolt
260 ## - PUBLICATION, DISTRIBUTION, ETC.
Place of publication, distribution, etc. Oxford :
Name of publisher, distributor, etc. Oxford University Press ;
Date of publication, distribution, etc. 2011 .
300 ## - PHYSICAL DESCRIPTION
Extent 56 pages :
Other physical details color illustrations , maps ;
Dimensions 22 cm .
490 ## - SERIES STATEMENT
Series statement xford Bookworms
Volume/sequential designation Stage 2
505 ## - FORMATTED CONTENTS NOTE
Formatted contents note Z <br/>
520 ## - SUMMARY, ETC.
Summary, etc. What are the most beautiful, the most interesting, the most wonderful things in the world? The Great Pyramid, the Great Wall of China, the Panama Canal - everyone has their favourites. And there are natural wonders too - Mount Everest, Niagara Falls, and the Northern Lights, for example. Hereis one person's choice of eleven wonders. Some of them are made by people, and others are natural. Everyone knows the Grand Canyon and the Great Barrier Reef - but what about the Iguazu Falls, or the old city of Petra? Come and discover new wonders ...
521 8# - TARGET AUDIENCE NOTE
Target audience note 990 <br/>
Source Lexile <br/>
521 8# - TARGET AUDIENCE NOTE
Target audience note Z <br/>
Source Raz-Plus <br/>
650 ## - SUBJECT ADDED ENTRY--TOPICAL TERM
Topical term or geographic name entry element wonders
Form subdivision non-fiction
700 ## - ADDED ENTRY--PERSONAL NAME
Personal name Lindop, Christine
Relator term Factfiles Series Editor
942 ## - ADDED ENTRY ELEMENTS (KOHA)
Source of classification or shelving scheme Dewey Decimal Classification
Koha item type Books
Suppress in OPAC No
Holdings
Withdrawn status Lost status Source of classification or shelving scheme Damaged status Not for loan Collection Home library Current library Shelving location Date acquired Total Checkouts Full call number Barcode Date last seen Price effective from Koha item type
    Dewey Decimal Classification     Non-Fiction Footprints International School Library Network Toul Kork Campus Footprints International School Library Network Toul Kork Campus TTP Secondary Non-Fiction Bookshelves 11/05/2024   NEW 428.6 PE1126.A4 FIS04226 11/05/2024 11/05/2024 Books